Numerical methods in physics with Python.
Spremljeno u:
| Glavni autor: | |
|---|---|
| Format: | Nepoznato |
| Izdano: |
Cambridge, United States:
Cambridge University Press,
2020.
|
| Teme: | |
| Oznake: |
Dodaj oznaku
Bez oznaka, Budi prvi tko označuje ovaj zapis!
|
MARC
| LEADER | 00000 a2200000 4500 | ||
|---|---|---|---|
| 003 | CL-VaPUC | ||
| 005 | 20250102103249.0 | ||
| 008 | 221018t2020 ||||| |||| 00| 0 eng d | ||
| 999 | |c 438767 |d 438765 | ||
| 020 | |a 9781108738934 | ||
| 040 | |c Pontificia Universidad Católica de Valparaíso | ||
| 082 | 7 | |a 530.15028553 GEZ 2020 |2 22 | |
| 100 | |a Gezerlis, Alex |9 876730 |e author | ||
| 245 | |a Numerical methods in physics with Python. | ||
| 260 | |a Cambridge, United States: |b Cambridge University Press, |c 2020. | ||
| 300 | |a 586 páginas. | ||
| 583 | |k Cristina María Rojas Aguilar |c 20221018 | ||
| 650 | |a Análisis numérico por computadora |9 877774 | ||
| 650 | 0 | |a Proceso de datos |9 259776 | |
| 650 | |a Física matemática |9 260981 | ||
| 650 | 0 | |a Python (Lenguaje de programación) |9 858694 | |
| 942 | |2 ddc |c BK | ||
| 952 | |0 0 |1 0 |2 ddc |4 0 |6 530_150285530000000_GEZ_2020 |7 0 |8 A |9 587306 |a BIBMAT |b BIBMAT |c GEN |d 2022-10-14 |e 3 |g 59140.00 |i 5655239 |l 1 |o 530.15028553 GEZ 2020 |p 5655239 |r 2025-01-07 |s 2023-10-06 |t 1 |v 59140.00 |w 2022-10-14 |y BK |k MAT | ||